MARC

LEADER 00000nam0a2200000 4500
001 308841
005 20231102002131.0
020 |a RU  |b 82-1092 
035 |a (RuTPU)RU\TPU\book\334162 
090 |a 308841 
100 |a 20151106d1982 k y0rusy5003 ca 
101 0 |a rus 
102 |a RU 
105 |a a z 001zy 
200 1 |a Тектоника Крыма  |f Ю. В. Казанцев  |g Академия наук СССР (АН СССР), Башкирский филиал (БФ), Институт геологии (ИГ) 
210 |a Москва  |c Наука  |d 1982 
215 |a 112 с.  |c ил., 1 отд. л. ил. 
320 |a Библиогр.: с. 108-111 
606 1 |a Геология структурная  |2 stltpush  |3 (RuTPU)RU\TPU\subj\6122  |9 34080 
610 1 |a Крым 
610 1 |a Крымская область 
610 1 |a тектоника 
610 1 |a геофизические исследования 
610 1 |a складчатые области 
610 1 |a надвиги 
610 1 |a надвиговые дислокации 
610 1 |a геосинклинальное складкообразование 
610 1 |a мезозойские комплексы 
610 1 |a краевые прогибы 
610 1 |a нефтегазоносность 
675 |a 551.243(477.75)  |z rus  |v 3 
700 1 |a Казанцев  |b Ю. В.  |g Юрий Васильевич  |4 070 
712 0 2 |a Академия наук СССР (АН СССР)  |b Башкирский филиал (БФ)  |b Институт геологии (ИГ)  |c (Уфа)  |c (1968-1988)  |2 stltpush  |3 (RuTPU)RU\TPU\col\10647 
801 0 |a RU  |b RuMRKP  |c 19950704  |g psbo 
801 1 |a RU  |b 63413507  |c 20151106 
801 2 |a RU  |b 63413507  |c 20170117  |g RCR 
942 |c BK